| 000 | 00499nam a22001577a 4500 | ||
|---|---|---|---|
| 008 | 160301b xxu||||| |||| 00| 0 eng d | ||
| 050 | _aB765.T54 A17 | ||
| 100 |
_aRussman, Thomas A. (ed.) _922653 |
||
| 245 |
_aThomistic papers. v _cThomas A. Russman (ed.) |
||
| 260 |
_aTexas _bCentre for Thomistic studies _c1990 |
||
| 300 |
_a95p. ; _c22cm. |
||
| 440 |
_aThomistic paper _nno.5 _922654 |
||
| 650 |
_aThomas Aquinas, St. _xPeriodicals _922655 |
||
| 650 |
_aThomism _922656 |
||
| 942 |
_2lcc _cMONOGRAPH |
||
| 999 |
_c124277 _d124277 |
||